| 000 | 01075nam a2200301Ia 4500 | ||
|---|---|---|---|
| 005 | 20220317001322.0 | ||
| 008 | 161108s2000 ag a g 000 0 spa | ||
| 020 | _a9789507248641 | ||
| 020 | _a9507248641 | ||
| 082 | 0 | 4 |
_a630 _bB71g |
| 100 | _aBramwell, Martyn | ||
| 245 | 1 | 0 |
_aGranjas y granjeros _cMartyn Bramwell ; diseñado por John Rusell ; ilustrado por Andrew Beckett, Kuo Kang Chen, Chris Shields ; traducción _bVanina Cúccaro |
| 250 | _a1a. edición | ||
| 300 |
_a48 páginas _bilustraciones en color _c25 cm |
||
| 490 | _aGeografía para todos | ||
| 500 | _aIncluye vocabulario e índice analítico | ||
| 650 | 1 | 4 |
_2LEMB _aAgricultura _xTecnología |
| 650 | 1 | 4 |
_aGranjas _xAdministración |
| 650 | 1 | 4 |
_2LEMB _aPlantaciones |
| 700 | 1 |
_aKuo Kang Chen Beckett, Andrew _970631 |
|
| 700 | 1 |
_aCúccaro, Vanina _970632 |
|
| 942 |
_2ddc _cBK |
||
| 264 |
_aBuenos Aires _bLumen Argentina _c2000 |
||
| 336 |
_atexto _btxt _2rdacontent |
||
| 337 |
_asin mediación _bn _2rdamedia |
||
| 338 |
_avolumen _bnc _2rdacarrier |
||
| 040 |
_aCO-BoRNBP _bspa _erda _cCO-BoRNBP |
||
| 999 |
_c6604 _d6604 |
||